Zmiešaná zmluva ako prameň práva Európskej únie

Právna úprava zmiešaných zmlúv de lege lata. Teoretické aspekty zmiešaných zmlúv. Kategórie zmiešaných zmlúv.

Saved in:
Bibliographic Details
Main Author: Lysina, Peter
Format: Book Chapter
Language:Slovak
Subjects:
Tags: Add Tag
No Tags, Be the first to tag this record!

MARC

LEADER 00000naa a2200000 4500
001 0249575
005 20181218093924.9
041 0 |a slo 
044 |a SK 
245 1 0 |a Zmiešaná zmluva ako prameň práva Európskej únie  |c Peter Lysina 
520 |a Právna úprava zmiešaných zmlúv de lege lata. Teoretické aspekty zmiešaných zmlúv. Kategórie zmiešaných zmlúv. 
610 2 0 |a zmluvy medzinárodné 
610 2 0 |a subjektivita právna 
610 2 0 |a právo európske 
610 2 0 |a energia atómová 
610 2 0 |a Súdny dvor Európskej únie 
610 2 0 |a právo medzinárodné 
610 2 0 |a výskum 
610 2 0 |a Rada Európskej únie 
610 2 0 |a právomoc 
100 1 |a Lysina, Peter